000 00569nam a2200229Ia 4500
003 OSt
005 20220918215306.0
006 a|||||r|||| 00| 0
007 ta
008 220917b |||||||| |||| 00| 0 eng d
024 _a140,845
037 _cTextual
040 _aARTS
_cARTS
_beng
041 _2eng
_aeng
082 _aY1z7, G7
245 0 _aAuthority and the individual
260 _aNA
_bNA
_c1937
490 _aHarvard tercentenary publications; 2
650 _aSOCIOLOGY
942 _hY1z7, G7
_cTEXL
_2CC
999 _c263806
_d263806